<?xml version="1.0" encoding="UTF-8"?>
<record
    xmlns:xsi="http://www.w3.org/2001/XMLSchema-instance"
    xsi:schemaLocation="http://www.loc.gov/MARC21/slim http://www.loc.gov/standards/marcxml/schema/MARC21slim.xsd"
    xmlns="http://www.loc.gov/MARC21/slim">

  <leader>01206nam a22002777a 4500</leader>
  <controlfield tag="003">NALT</controlfield>
  <controlfield tag="005">20260219122635.0</controlfield>
  <controlfield tag="008">251222b        th ||||| |||| 00| 1 tha d</controlfield>
  <datafield tag="020" ind1=" " ind2=" ">
    <subfield code="a">9786169376354</subfield>
  </datafield>
  <datafield tag="040" ind1=" " ind2=" ">
    <subfield code="a">NALT</subfield>
  </datafield>
  <datafield tag="041" ind1="1" ind2=" ">
    <subfield code="a">tha</subfield>
    <subfield code="h">eng</subfield>
  </datafield>
  <datafield tag="090" ind1=" " ind2=" ">
    <subfield code="a">FIC</subfield>
    <subfield code="b">&#xE1A;247&#xE22; 2565</subfield>
  </datafield>
  <datafield tag="100" ind1="1" ind2=" ">
    <subfield code="a">&#xE1A;&#xE31;&#xE04;&#xE21;&#xE31;&#xE19;, &#xE40;&#xE1F;&#xE23;&#xE35;&#xE22;&#xE14;&#xE23;&#xE34;&#xE04;.</subfield>
    <subfield code="9">67160</subfield>
  </datafield>
  <datafield tag="245" ind1="1" ind2="0">
    <subfield code="a">&#xE22;&#xE2D;&#xE14;&#xE21;&#xE19;&#xE38;&#xE29;&#xE22;&#xE4C;&#xE27;&#xE32;&#xE22;&#xE1B;&#xE48;&#xE27;&#xE07; =</subfield>
    <subfield code="b">Anxious people /</subfield>
    <subfield code="c">&#xE40;&#xE1F;&#xE23;&#xE35;&#xE22;&#xE14;&#xE23;&#xE34;&#xE04; &#xE1A;&#xE31;&#xE04;&#xE21;&#xE31;&#xE19;, &#xE40;&#xE02;&#xE35;&#xE22;&#xE19; ; &#xE42;&#xE2A;&#xE20;&#xE13;&#xE32; &#xE40;&#xE0A;&#xE32;&#xE27;&#xE4C;&#xE27;&#xE34;&#xE27;&#xE31;&#xE12;&#xE19;&#xE4C;&#xE01;&#xE38;&#xE25;, &#xE41;&#xE1B;&#xE25;</subfield>
  </datafield>
  <datafield tag="250" ind1=" " ind2=" ">
    <subfield code="a">&#xE1E;&#xE34;&#xE21;&#xE1E;&#xE4C;&#xE04;&#xE23;&#xE31;&#xE49;&#xE07;&#xE17;&#xE35;&#xE48; 1</subfield>
  </datafield>
  <datafield tag="260" ind1=" " ind2=" ">
    <subfield code="a">&#xE01;&#xE23;&#xE38;&#xE07;&#xE40;&#xE17;&#xE1E;&#xE2F; : </subfield>
    <subfield code="b">&#xE41;&#xE21;&#xE23;&#xE4C;&#xE23;&#xE35;&#xE48;&#xE42;&#xE01;&#xE23;&#xE32;&#xE27;&#xE14;&#xE4C; &#xE1E;&#xE31;&#xE1A;&#xE25;&#xE34;&#xE0A;&#xE0A;&#xE34;&#xE48;&#xE07;,</subfield>
    <subfield code="c">2565.</subfield>
  </datafield>
  <datafield tag="300" ind1=" " ind2=" ">
    <subfield code="a">395 &#xE2B;&#xE19;&#xE49;&#xE32; ;</subfield>
    <subfield code="c">21 &#xE0B;&#xE21;.</subfield>
  </datafield>
  <datafield tag="650" ind1=" " ind2="4">
    <subfield code="a">&#xE19;&#xE27;&#xE19;&#xE34;&#xE22;&#xE32;&#xE22;&#xE41;&#xE1B;&#xE25;</subfield>
    <subfield code="9">7743</subfield>
  </datafield>
  <datafield tag="700" ind1="1" ind2=" ">
    <subfield code="a">Backman, Fredrik</subfield>
    <subfield code="9">67175</subfield>
  </datafield>
  <datafield tag="700" ind1="0" ind2=" ">
    <subfield code="a">&#xE42;&#xE2A;&#xE20;&#xE13;&#xE32; &#xE40;&#xE0A;&#xE32;&#xE27;&#xE4C;&#xE27;&#xE34;&#xE27;&#xE31;&#xE12;&#xE19;&#xE4C;&#xE01;&#xE38;&#xE25;</subfield>
    <subfield code="9">67176</subfield>
  </datafield>
  <datafield tag="942" ind1=" " ind2=" ">
    <subfield code="2">local</subfield>
    <subfield code="c">FIC</subfield>
  </datafield>
  <datafield tag="996" ind1=" " ind2=" ">
    <subfield code="a">jidapa.t</subfield>
    <subfield code="b">ACQSTF</subfield>
    <subfield code="c">2025-12-22</subfield>
  </datafield>
  <datafield tag="996" ind1=" " ind2=" ">
    <subfield code="a">saiphon.d</subfield>
    <subfield code="b">CATSTF	</subfield>
    <subfield code="c">2025-12-24</subfield>
  </datafield>
  <datafield tag="999" ind1=" " ind2=" ">
    <subfield code="c">107578</subfield>
    <subfield code="d">107578</subfield>
  </datafield>
  <datafield tag="998" ind1=" " ind2=" ">
    <subfield code="j">111</subfield>
    <subfield code="k"> &#xE19;&#xE32;&#xE07;&#xE2A;&#xE32;&#xE27;&#xE1E;&#xE08;&#xE1E;&#xE34;&#xE13;  &#xE1E;&#xE23;&#xE21;&#xE40;&#xE2D;&#xE35;&#xE48;&#xE22;&#xE21;</subfield>
  </datafield>
  <datafield tag="952" ind1=" " ind2=" ">
    <subfield code="0">0</subfield>
    <subfield code="1">0</subfield>
    <subfield code="2">local</subfield>
    <subfield code="4">0</subfield>
    <subfield code="7">0</subfield>
    <subfield code="8">CFICSHT</subfield>
    <subfield code="a">NALT</subfield>
    <subfield code="b">NALT</subfield>
    <subfield code="c">FICSHT</subfield>
    <subfield code="d">2025-12-22</subfield>
    <subfield code="l">3</subfield>
    <subfield code="m">2</subfield>
    <subfield code="o">FIC &#xE1A;247&#xE22; 2565</subfield>
    <subfield code="p">3961216014</subfield>
    <subfield code="r">2026-03-04 00:00:00</subfield>
    <subfield code="s">2026-02-19</subfield>
    <subfield code="w">2025-12-22</subfield>
    <subfield code="y">FIC</subfield>
  </datafield>
</record>
